<?xml version="1.0" encoding="UTF-8"?>
<marc:record xmlns:marc="http://www.loc.gov/MARC21/slim">
   <marc:leader>00000nam a2200000 a 4500</marc:leader>
   <marc:datafield ind1="1" ind2=" " tag="100">
      <marc:subfield code="a">Sony Music</marc:subfield>
      <marc:subfield code="4">aut</marc:subfield>
      <marc:subfield code="e">Verfasser/-in</marc:subfield>
   </marc:datafield>
   <marc:datafield ind1="0" ind2="0" tag="245">
      <marc:subfield code="a">Die Drei Total verknallt</marc:subfield>
   </marc:datafield>
   <marc:datafield ind1="0" ind2="0" tag="245">
      <marc:subfield code="b">Fall 16</marc:subfield>
   </marc:datafield>
   <marc:datafield ind1=" " ind2="1" tag="264">
      <marc:subfield code="b">Eurpoa</marc:subfield>
      <marc:subfield code="c">2011</marc:subfield>
   </marc:datafield>
   <marc:datafield ind1="1" ind2=" " tag="490">
      <marc:subfield code="a">Die drei !!!</marc:subfield>
   </marc:datafield>
   <marc:datafield ind1="1" ind2=" " tag="520">
      <marc:subfield code="a">Es ist Anfang Februar. Der Valentinstag steht ins Haus. Und auch die drei !!! sind ganz mit der Liebe beschäftigt. Aber vieles ist nicht so, wie man es sich für einen liebeserfüllten Tag wünscht. Marie hat nämlich schon länger das Gefühl, dass sich Holger und sie fremd geworden sind. Franzi fragt sich, für wen Benni die roten Rosen bestellt hat. Und Kim ist sauer, dass Michi ausgerechnet am Valentinstagt im Skiurlaub ist. das Schlimmste aber ist für sie, dass sich ihre Mutter mit einem fremden Mann trifft. Sie war vorher extra beim Frisör, hat sich schön gemacht und wirkt völlig verändert. Mit ihrem Vater erlebt Kim sie dagegen nur im Streit. Sie hat Angst, dass bei ihren Eltern eine Scheidung ins Haus steht?
Und so machen sie die drei Detektivinnen auf, um in diesem Fall Gewissheit zu erlangen. </marc:subfield>
   </marc:datafield>
   <marc:datafield ind1="3" ind2=" " tag="024">
      <marc:subfield code="a">886977831720</marc:subfield>
   </marc:datafield>
</marc:record>
